000 00305pam a2200133 a 4500
020 _c
041 _h
082 _a708
_bRAJ
100 _aChemical Smuggle .
245 _aSumedh Rajendra
_hTextual Documents
260 _a[s.l]:
_bVadhera Art Gallery,
_c2007.
300 _a20:
_bPAPER.
930 _a7076
999 _c240866
_d240866